[Event "Women's Speed Chess Q4"]
[Site "chess.com INT"]
[Date "2021.06.03"]
[Round "4"]
[White "Rakshitta, Ravi"]
[Black "Corrales Jimenez, Zenia"]
[Result "1-0"]
[WhiteTitle "WIM"]
[BlackTitle "WIM"]
[WhiteElo "2190"]
[BlackElo "2221"]
[WhiteFideId "25073230"]
[BlackFideId "3506355"]
[EventDate "2021.06.03"]

1. e4 c5 2. Nf3 Nc6 3. d4 cxd4 4. Nxd4 g6 5. Nc3 Bg7 6. Nxc6 bxc6 7. Be2 Nf6 8.
O-O O-O 9. e5 Nd5 10. Nxd5 cxd5 11. Qxd5 Rb8 12. c3 Bb7 13. Qc5 Rc8 14. Qe3 Qa5
15. f4 d6 16. exd6 exd6 17. Bf3 Ba6 18. Re1 Bb5 19. a4 Rfe8 20. Qf2 Rxe1+ 21.
Qxe1 Re8 22. Qf2 Bc4 23. Be3 Bb3 24. Bd4 Bh6 25. f5 Qxf5 26. Rf1 Qd3 27. Be2
Qxe2 28. Qf6 Be3+ 29. Kh1 Bxd4 30. cxd4 Qe6 31. Qf2 Bxa4 32. Qd2 Bb5 33. Rc1 Qe2
34. Qc3 d5 35. h3 Bc4 36. b3 Bb5 37. Qb4 Bd3 38. Qa4 Rf8 39. Qd7 Be4 40. Rg1 Qf2
41. Qxa7 Qg3 42. Qd7 Bf5 43. Qxd5 Re8 44. Qc6 Re6 45. Qa8+ Kg7 46. Qa1 Rf6 47.
d5 Bxh3 48. Qd4 Bf5 49. Rf1 h5 50. b4 g5 51. Rxf5 Qe1+ 52. Kh2 Qe7 53. Qxf6+
Qxf6 54. Rxf6 Kxf6 55. b5 Ke7 56. b6 Kd6 57. Kg3 f5 58. Kf3 h4 59. Kf2 Kd7 60.
Ke3 Kd6 61. Kd4 g4 62. Ke3 h3 63. gxh3 gxh3 64. Kf2 h2 65. Kg2 f4 66. Kxh2 f3
67. Kg3 Kxd5 68. b7 Kc6 69. b8=Q f2 70. Kxf2 1-0

[Event "Women's Speed Chess Q4"]
[Site "chess.com INT"]
[Date "2021.06.03"]
[Round "4"]
[White "Cyfka, Karina"]
[Black "Tarasova, Viktoriya"]
[Result "1/2-1/2"]
[WhiteTitle "IM"]
[BlackTitle "WIM"]
[WhiteElo "2415"]
[BlackElo "2226"]
[WhiteFideId "1122681"]
[BlackFideId "4175840"]
[EventDate "2021.06.03"]

1. d4 Nf6 2. c4 e6 3. Nf3 b6 4. g3 Ba6 5. b3 d5 6. cxd5 exd5 7. Bg2 Bd6 8. O-O
O-O 9. Bg5 Nbd7 10. Nc3 h6 11. Bf4 Bxf4 12. gxf4 c6 13. Ne5 Rc8 14. Bf3 Qe7 15.
Qd2 Bb7 16. e3 Rfe8 17. Kh1 Kh8 18. Rg1 Nf8 19. Rg3 Ne6 20. Rag1 Rg8 21. Qe2 c5
22. dxc5 d4 23. c6 dxc3 24. cxb7 Rc7 25. Bh5 Nxh5 26. Qxh5 c2 27. Rc1 Kh7 28.
Nc4 Rxb7 29. Rxc2 Nc5 30. Qf3 Rd7 31. Rc1 Rgd8 32. Rcg1 g6 33. f5 g5 34. f6 Qe4
35. Qxe4+ Nxe4 36. Rf3 Rd1 37. Ne5 Rxg1+ 38. Kxg1 Kg8 39. Kg2 Rd2 40. h4 Rxa2
41. hxg5 hxg5 42. Rf5 Rd2 43. Ng4 Kf8 44. Re5 Nc5 45. Re7 Rd7 46. Re5 Ne6 47.
Kg3 a5 48. Rb5 Rd6 49. e4 Rc6 50. Ne5 Rc3+ 51. f3 g4 52. Nxg4 Nd4 53. Rxb6 Rxf3+
54. Kh4 Rxb3 55. Ra6 Nf3+ 56. Kh5 Ke8 57. Rxa5 Nd4 58. Kh6 Rh3+ 59. Kg7 Ne6+ 60.
Kg8 Rg3 61. Ra8+ Nd8 62. Rxd8+ Kxd8 63. Kxf7 Rxg4 64. e5 Re4 65. e6 Kc7 66. e7
Kd7 67. Kf8 Re6 68. f7 Rxe7 69. Kg8 Rxf7 70. Kxf7 1/2-1/2

[Event "Women's Speed Chess Q4"]
[Site "chess.com INT"]
[Date "2021.06.03"]
[Round "4"]
[White "Nguyen, Hong Anh"]
[Black "Batsiashvili, Nino"]
[Result "0-1"]
[WhiteTitle "WIM"]
[BlackTitle "GM"]
[WhiteElo "1993"]
[BlackElo "2491"]
[WhiteFideId "12406732"]
[BlackFideId "13602993"]
[EventDate "2021.06.03"]

1. d4 d5 2. c4 e6 3. Nf3 Nf6 4. g3 c5 5. cxd5 exd5 6. Bg2 Nc6 7. O-O Be7 8. Nc3
O-O 9. dxc5 Bxc5 10. Bg5 d4 11. Ne4 Be7 12. Nxf6+ Bxf6 13. Bxf6 Qxf6 14. Rc1 Be6
15. b3 Rad8 16. Nd2 Bd5 17. Ne4 Qe7 18. Nc5 Bxg2 19. Kxg2 h5 20. Qc2 Rd6 21. Qe4
Qxe4+ 22. Nxe4 Re6 23. Nc5 Rxe2 24. Nxb7 Nb4 25. a3 Nc2 26. Nd6 d3 27. Nc4 Rc8
28. Rfd1 Rd8 29. Kf1 Ree8 30. Rd2 h4 31. gxh4 Rd4 32. Rcd1 Red8 33. h5 Kh7 34.
Ne5 R8d5 35. Rxd3 Rxd3 36. Nxd3 Nxa3 37. Nb2 Rxh5 38. Kg2 Rg5+ 39. Kf3 Rb5 40.
Rd3 Nc2 41. Kg3 Nb4 42. Rd7 Nc6 43. Nd1 Rxb3+ 44. Ne3 Ne5 45. Rxa7 Kg6 46. Ra6+
f6 47. Kg2 Rb2 48. Rd6 Ra2 49. h3 Kf7 50. Kg3 Ke7 51. Nf5+ Kf7 52. f4 Ra3+ 53.
Kg2 Nd3 54. Rd4 Nc5 55. Rc4 Ne6 56. Nd6+ Ke7 57. Nf5+ Kf7 58. Nd6+ Ke7 59. Nf5+
Kd7 60. Ng3 Ra2+ 61. Kf3 Ra3+ 62. Kg4 g6 63. f5 gxf5+ 64. Nxf5 Ng5 65. h4 Ne6
66. Nd4 Nxd4 67. Rxd4+ Ke6 68. Re4+ Kf7 69. Rb4 Kg6 70. h5+ Kh6 71. Kh4 Rf3 72.
Re4 Rf1 73. Kg4 Rg1+ 74. Kf5 Rf1+ 75. Kg4 f5+ 0-1

[Event "Women's Speed Chess Q4"]
[Site "chess.com INT"]
[Date "2021.06.03"]
[Round "4"]
[White "Socko, Monika"]
[Black "Nurmanova, Alua"]
[Result "1-0"]
[WhiteTitle "GM"]
[BlackTitle "WFM"]
[WhiteElo "2421"]
[BlackElo "2008"]
[WhiteFideId "1106619"]
[BlackFideId "13729390"]
[EventDate "2021.06.03"]

1. e4 c5 2. Nf3 d6 3. Bb5+ Nc6 4. O-O Bd7 5. c4 Nf6 6. Nc3 a6 7. Bxc6 Bxc6 8.
Re1 g6 9. d4 cxd4 10. Nxd4 Bg7 11. Nd5 O-O 12. Bg5 Bxd5 13. exd5 h6 14. Bf4 Rc8
15. Rc1 Re8 16. Qd2 Qb6 17. Nb3 Kh7 18. Be3 Qd8 19. h3 Qd7 20. Red1 Ne4 21. Qd3
Nc5 22. Nxc5 dxc5 23. b3 Red8 24. Qe4 b6 25. Rd2 Re8 26. Rcd1 Bc3 27. Rd3 Bg7
28. Qf3 Rcd8 29. Qxf7 Rf8 30. Qe6 Qc7 31. d6 exd6 32. Qe4 Rfe8 33. Qf3 Rf8 34.
Qg3 Be5 35. Qh4 Qg7 36. Bc1 Rd7 37. f4 Bd4+ 38. Be3 Bf6 39. Qg4 Rfd8 40. Bf2 h5
41. Qf3 Qh6 42. Rd5 Bg7 43. h4 Bh8 44. f5 Rf7 45. fxg6+ Qxg6 46. Rxh5+ Kg8 47.
Rg5 Qxg5 48. hxg5 Rxf3 49. gxf3 Be5 50. Be3 Rf8 51. Kg2 Kg7 52. Rh1 b5 53. Rh4
bxc4 54. Rxc4 Kg6 55. Ra4 Ra8 56. f4 Bc3 57. Kf3 Kf5 58. Rc4 Bb4 59. Rc2 d5 60.
Re2 d4 61. Bd2 d3 62. Re5+ Kg6 63. Bxb4 cxb4 64. Rd5 a5 65. Rxd3 Rc8 66. Kg4 Rc2
67. f5+ Kf7 68. Rd7+ Ke8 69. Ra7 Rxa2 70. g6 a4 71. f6 axb3 72. g7 Rxa7 73.
g8=Q+ Kd7 74. Qf7+ Kd6 75. Qxa7 b2 76. Qa2 1-0

[Event "Women's Speed Chess Q4"]
[Site "chess.com INT"]
[Date "2021.06.03"]
[Round "4"]
[White "Pourkashiyan, Atousa"]
[Black "Balabayeva, Xeniya"]
[Result "0-1"]
[WhiteTitle "WGM"]
[BlackTitle "WFM"]
[WhiteElo "2322"]
[BlackElo "2178"]
[WhiteFideId "12502014"]
[BlackFideId "13719688"]
[EventDate "2021.06.03"]

1. e4 c6 2. d4 d5 3. Nd2 dxe4 4. Nxe4 Nf6 5. Nxf6+ exf6 6. c3 Be7 7. Bd3 Na6 8.
Ne2 Nc7 9. O-O O-O 10. Qc2 g6 11. Bh6 Re8 12. Rad1 Be6 13. c4 Rc8 14. b3 Bf8 15.
Bxf8 Kxf8 16. Rfe1 Kg7 17. Qb2 Bd7 18. h3 Qe7 19. Qd2 Qd6 20. Bb1 Rcd8 21. Ng3
Rxe1+ 22. Rxe1 Ne6 23. Rd1 Be8 24. Ne2 Kg8 25. Be4 Qc7 26. h4 Nxd4 27. Nxd4 c5
28. Qe3 Qd7 29. Bd5 cxd4 30. Rxd4 Kg7 31. h5 Qc7 32. h6+ Kf8 33. Rd2 Qe5 34. Re2
Qxe3 35. Rxe3 Bd7 36. Bxb7 Bf5 37. Bd5 Bb1 38. a3 Bf5 39. f3 Rb8 40. b4 Rd8 41.
g4 Bc8 42. Kf2 Ba6 43. Rc3 Ke7 44. Re3+ Kf8 45. Re1 Rd7 46. Re4 Rd8 47. Ke3 Rc8
48. Kd4 Rc7 49. Re1 Rc8 50. c5 Bb5 51. Ra1 Rd8 52. Ke4 Re8+ 53. Kf4 Rd8 54. Be4
Ke7 55. Rc1 Rc8 56. Ra1 Kd7 57. a4 Bc4 58. Rc1 Bb3 59. a5 Ba4 60. Rc3 Ke7 61. c6
Bb5 62. Rc5 a6 63. g5 f5 64. Bd5 Rc7 65. Bb3 f6 66. Bd5 fxg5+ 67. Kxg5 Kd6 68.
f4 Ke7 69. Bf3 Kd6 70. Rd5+ Ke6 71. Re5+ Kd6 72. Kf6 Bxc6 73. Re6+ Kd7 74. Bxc6+
Rxc6 75. Rxc6 Kxc6 76. Kg7 g5 77. fxg5 f4 78. Kxh7 f3 79. Kg7 f2 80. h7 f1=Q 81.
h8=Q Qa1+ 82. Kh7 Qh1+ 83. Kg8 Qd5+ 84. Kf8 Qd8+ 85. Kg7 Qxg5+ 86. Kh7 Qh5+ 87.
Kg8 Qxh8+ 88. Kxh8 Kb5 89. Kg7 Kxb4 90. Kf6 Kxa5 91. Ke5 Kb4 92. Kd4 Kb3 93. Kd3
a5 94. Kd2 Kb2 95. Kd3 a4 96. Kc4 a3 97. Kb4 a2 0-1

[Event "Women's Speed Chess Q4"]
[Site "chess.com INT"]
[Date "2021.06.03"]
[Round "5"]
[White "Zaichenko, Daria"]
[Black "Chu, Ruotong"]
[Result "0-1"]
[WhiteTitle "WFM"]
[BlackTitle "WIM"]
[WhiteElo "2104"]
[BlackElo "2207"]
[WhiteFideId "4197453"]
[BlackFideId "8605653"]
[EventDate "2021.06.03"]

1. e4 c5 2. Nf3 e6 3. d4 cxd4 4. Nxd4 Nc6 5. Nc3 Qc7 6. Bc4 a6 7. a4 Nf6 8. Be3
Bb4 9. f3 Ne5 10. Qe2 Nxc4 11. O-O Nxe3 12. Qxe3 Bc5 13. Rad1 e5 14. Nd5 Nxd5
15. exd5 O-O 16. d6 Qxd6 17. Qe4 Bxd4+ 18. Kh1 Qc6 19. c3 Qxe4 20. fxe4 Bc5 0-1

[Event "Women's Speed Chess Q4"]
[Site "chess.com INT"]
[Date "2021.06.03"]
[Round "5"]
[White "Doluhanova, Evgeniya"]
[Black "Nguyen, Hong Anh"]
[Result "0-1"]
[WhiteTitle "WGM"]
[BlackTitle "WIM"]
[WhiteElo "2207"]
[BlackElo "1993"]
[WhiteFideId "14112035"]
[BlackFideId "12406732"]
[EventDate "2021.06.03"]

1. e4 c5 2. Nf3 Nc6 3. Bb5 g6 4. O-O Bg7 5. Re1 Nf6 6. c3 O-O 7. d4 cxd4 8. cxd4
d6 9. Nc3 Bg4 10. Be3 Rc8 11. h3 Bxf3 12. Qxf3 a6 13. Ba4 b5 14. Bd1 Nd7 15. e5
dxe5 16. d5 Nd4 17. Qg3 Nb6 18. Bb3 b4 19. Ne4 Nxb3 20. axb3 Nxd5 21. Rxa6 Nxe3
22. Qxe3 Rc2 23. Qb6 Qd3 24. Qxb4 Qxa6 0-1

[Event "Women's Speed Chess Q4"]
[Site "chess.com INT"]
[Date "2021.06.03"]
[Round "5"]
[White "Zawadzka, Jolanta"]
[Black "Yu, Jennifer"]
[Result "0-1"]
[WhiteTitle "WGM"]
[BlackTitle "FM"]
[WhiteElo "2399"]
[BlackElo "2312"]
[WhiteFideId "1122320"]
[BlackFideId "2078341"]
[EventDate "2021.06.03"]

1. e4 e5 2. Nf3 Nf6 3. Nc3 Bb4 4. Bc4 Bxc3 5. dxc3 d6 6. Qe2 h6 7. h3 O-O 8. Nd2
c6 9. Nf1 d5 10. Bd3 dxe4 11. Bxe4 Nxe4 12. Qxe4 f5 13. Qc4+ Kh8 14. Bd2 b5 15.
Qd3 Qf6 16. O-O-O Be6 17. g4 Nd7 18. Ng3 f4 19. Ne4 Qe7 20. Kb1 Bd5 21. Rhe1 a5
22. g5 hxg5 23. Qf3 Nf6 24. Bc1 Nxe4 25. Rxe4 Qf7 26. Rde1 Bxa2+ 27. Ka1 Bd5 28.
Qg4 Bxe4 29. Rxe4 Qf5 30. Qh5+ Qh7 31. Qe2 Rae8 32. Rxe5 Rxe5 33. Qxe5 Qxc2 34.
Qe1 Rd8 35. f3 Kh7 36. Bxf4 Rd1+ 37. Qxd1 Qxd1+ 38. Ka2 gxf4 0-1

[Event "Women's Speed Chess Q4"]
[Site "chess.com INT"]
[Date "2021.06.03"]
[Round "5"]
[White "Varney, Zoe"]
[Black "Head, Louise"]
[Result "0-1"]
[WhiteTitle "WCM"]
[BlackTitle "WFM"]
[WhiteElo "1917"]
[BlackElo "2090"]
[WhiteFideId "436135"]
[BlackFideId "424773"]
[EventDate "2021.06.03"]

1. e4 c6 2. c4 d5 3. exd5 cxd5 4. cxd5 Nf6 5. Nc3 Nxd5 6. Nf3 Nc6 7. Bb5 Nxc3 8.
bxc3 Qc7 9. Qa4 Bd7 10. O-O a6 11. d4 Rd8 12. Be2 g6 13. g3 Bg7 14. Bf4 Qc8 15.
Qb3 O-O 16. Rfe1 e6 17. Qb6 Ne7 18. Bd6 Nd5 19. Qb3 Rfe8 20. c4 Nf6 21. Bf1 Bc6
22. Bg2 Rxd6 23. c5 Rd5 24. Rad1 Red8 25. Ne5 Rxd4 26. Rxd4 Rxd4 27. Nxc6 bxc6 0-1

[Event "Women's Speed Chess Q4"]
[Site "chess.com INT"]
[Date "2021.06.03"]
[Round "5"]
[White "Obregon Garcia, Roxangel"]
[Black "Adam, Ernestina"]
[Result "1-0"]
[WhiteTitle "WIM"]
[BlackTitle "WCM"]
[WhiteElo "2167"]
[BlackElo "1354"]
[WhiteFideId "3520420"]
[BlackFideId "165883"]
[EventDate "2021.06.03"]

1. d4 Nf6 2. Bf4 g6 3. e3 Bg7 4. Nc3 d5 5. h4 h5 6. Be2 O-O 7. Nh3 c5 8. Ng5 Nc6
9. Qd2 a6 10. f3 cxd4 11. exd4 Qb6 12. O-O-O Qa5 13. Kb1 b5 14. Rde1 b4 15. Nd1
Qb6 16. Be5 Nxe5 17. dxe5 Nd7 18. f4 Nc5 19. g4 Ne4 20. Nxe4 dxe4 21. gxh5 Rd8
22. Qe3 Rxd1+ 23. Bxd1 Qb5 24. hxg6 fxg6 25. h5 a5 26. hxg6 a4 27. Qxe4 Bb7 28.
Qf5 Bxh1 29. Qf7+ Kh8 30. Rxh1+ 1-0

[Event "Women's Speed Chess Q4"]
[Site "chess.com INT"]
[Date "2021.06.03"]
[Round "5"]
[White "Kiolbasa, Oliwia"]
[Black "Zaksaite, Salomeja"]
[Result "1-0"]
[WhiteTitle "WIM"]
[BlackTitle "WIM"]
[WhiteElo "2255"]
[BlackElo "2202"]
[WhiteFideId "1154613"]
[BlackFideId "12801496"]
[EventDate "2021.06.03"]

1. e4 c5 2. Nf3 e6 3. d4 cxd4 4. Nxd4 Nf6 5. Nc3 Nc6 6. Ndb5 d6 7. Bf4 e5 8. Bg5
a6 9. Bxf6 gxf6 10. Na3 b5 11. Nd5 Bg7 12. g3 f5 13. Bg2 O-O 14. exf5 Bxf5 15.
Ne3 Ne7 16. Nxf5 Nxf5 17. Bxa8 Qxa8 18. O-O d5 19. c3 d4 20. Nc2 dxc3 21. bxc3
Rc8 22. Ne3 Nxe3 23. fxe3 Rxc3 24. Qd7 Rxe3 25. Rac1 1-0

[Event "Women's Speed Chess Q4"]
[Site "chess.com INT"]
[Date "2021.06.03"]
[Round "5"]
[White "Cori T., Deysi"]
[Black "Chitlange, Sakshi"]
[Result "1-0"]
[WhiteTitle "WGM"]
[BlackTitle "WIM"]
[WhiteElo "2388"]
[BlackElo "2167"]
[WhiteFideId "3801934"]
[BlackFideId "35002899"]
[EventDate "2021.06.03"]

1. Nf3 Nf6 2. d4 e6 3. e3 b6 4. Bd3 Bb7 5. O-O Be7 6. c4 O-O 7. Nc3 d5 8. Qe2 c5
9. Rd1 cxd4 10. exd4 dxc4 11. Bxc4 Nd5 12. Ne5 Nxc3 13. bxc3 Bd5 14. Bf4 Bf6 15.
Ng4 Bxc4 16. Qxc4 Nd7 17. d5 e5 18. Bg3 Re8 19. d6 Rc8 20. Qa4 a5 21. Nxf6+ gxf6
22. Qg4+ Kh8 23. Rd3 Rg8 24. Qf5 Rg5 25. Qh3 Rc6 26. Rad1 Nc5 27. Rd5 Ne4 28.
Bh4 Rg6 29. d7 Nxc3 30. Rxe5 fxe5 31. Bxd8 Nxd1 32. Bf6+ Rcxf6 33. d8=Q+ Kg7 34.
Qxd1 Rd6 35. Qe1 1-0

[Event "Women's Speed Chess Q4"]
[Site "chess.com INT"]
[Date "2021.06.03"]
[Round "5"]
[White "Dong, Khanh Linh"]
[Black "Vu, Bui Thi Thanh Van"]
[Result "1-0"]
[WhiteTitle "WCM"]
[BlackTitle "WFM"]
[WhiteElo "1970"]
[BlackElo "1750"]
[WhiteFideId "12403040"]
[BlackFideId "12408921"]
[EventDate "2021.06.03"]

1. e4 e6 2. d4 d5 3. e5 c5 4. c3 Nc6 5. Nf3 Bd7 6. Be2 Qb6 7. O-O cxd4 8. cxd4
Nge7 9. Nc3 Nf5 10. Na4 Qd8 11. Be3 Be7 12. Rc1 O-O 13. Nc5 Rb8 14. Qd2 f6 15.
exf6 Bxf6 16. Bf4 Ra8 17. Nxb7 Ncxd4 18. Nxd8 Raxd8 19. Rfe1 Rfe8 20. Nxd4 Nxd4
21. Rc7 e5 22. Bg5 Nxe2+ 23. Rxe2 Bb5 24. Bxf6 gxf6 25. Qh6 Bxe2 26. Qg7# 1-0

[Event "Women's Speed Chess Q4"]
[Site "chess.com INT"]
[Date "2021.06.03"]
[Round "5"]
[White "Farhat Willemstein, Stela Souza"]
[Black "Kairbekova, Amina"]
[Result "0-1"]
[WhiteTitle "WFM"]
[BlackTitle "WFM"]
[WhiteElo "1758"]
[BlackElo "2132"]
[WhiteFideId "2109808"]
[BlackFideId "13712799"]
[EventDate "2021.06.03"]

1. e4 c5 2. Nf3 Nc6 3. d4 cxd4 4. Nxd4 g6 5. Nc3 Nf6 6. Be3 Bg7 7. Qd2 O-O 8.
O-O-O d5 9. Nxc6 bxc6 10. e5 Ng4 11. Bc5 Nxe5 12. f4 Nd7 13. Bd4 Bxd4 14. Qxd4
Qb6 15. Be2 Qxd4 16. Rxd4 f6 17. h4 e5 18. fxe5 fxe5 19. Rb4 a5 20. Ra4 Nc5 21.
Ra3 Bd7 22. g4 d4 23. Na4 Nxa4 24. Rxa4 c5 25. Rc4 Bb5 26. Rxc5 Bxe2 27. Rxe5
Bxg4 28. Re4 Bf3 29. Rxd4 Bxh1 30. Rd1 Bg2 31. c3 Rf1 32. Rxf1 Bxf1 33. b4 axb4
34. Kb2 bxc3+ 0-1

[Event "Women's Speed Chess Q4"]
[Site "chess.com INT"]
[Date "2021.06.03"]
[Round "5"]
[White "Matveeva, Olga"]
[Black "Tomilova, Elena"]
[Result "1-0"]
[WhiteTitle "WIM"]
[BlackTitle "WGM"]
[WhiteElo "2145"]
[BlackElo "2338"]
[WhiteFideId "24107018"]
[BlackFideId "4162340"]
[EventDate "2021.06.03"]

1. d4 Nf6 2. c4 e6 3. g3 d5 4. Nf3 Be7 5. Bg2 O-O 6. O-O c6 7. Qc2 Nbd7 8. Nbd2
b6 9. e4 Bb7 10. Rd1 Rc8 11. b3 c5 12. exd5 exd5 13. Qf5 g6 14. Qh3 h5 15. Bb2
Rc7 16. Ne5 Bc8 17. g4 Nxe5 18. dxe5 Bxg4 19. Qg3 Nd7 20. Bxd5 Bh4 21. Qd3 Bxd1
22. Qxg6+ Kh8 23. Qh6+ Kg8 24. Qg6+ Kh8 25. e6+ Bf6 26. Qh6+ Kg8 27. exf7+ Rxf7
28. Qg6+ Kh8 29. Bxf7 Bxb2 30. Qh6# 1-0

[Event "Women's Speed Chess Q4"]
[Site "chess.com INT"]
[Date "2021.06.03"]
[Round "5"]
[White "Kulkarni, Bhakti"]
[Black "Agrest, Inna"]
[Result "1-0"]
[WhiteTitle "IM"]
[BlackTitle "WIM"]
[WhiteElo "2391"]
[BlackElo "2285"]
[WhiteFideId "5019516"]
[BlackFideId "1708830"]
[EventDate "2021.06.03"]

1. Nf3 Nf6 2. c4 g6 3. b3 Bg7 4. Bb2 O-O 5. g3 d6 6. Bg2 Nbd7 7. O-O a6 8. d4
Rb8 9. a4 c5 10. Nc3 cxd4 11. Nxd4 Nc5 12. b4 Ne6 13. Nd5 Bd7 14. a5 Nxd5 15.
cxd5 Nxd4 16. Bxd4 Bb5 17. Re1 Qd7 18. Bxg7 Kxg7 19. Qd4+ Kg8 20. e4 Rbc8 21.
Rac1 Rxc1 22. Rxc1 Rc8 23. Qe3 Rc4 24. Rxc4 Bxc4 25. h4 h5 26. Kh2 Qb5 27. Qc3
Be2 28. Bh3 Kh7 29. Qc7 Qxb4 30. Qxe7 Kg7 31. Be6 Qd4 32. Qxf7+ Kh6 33. Qf8+ Qg7
34. Qxd6 Qf6 35. Qf4+ Qxf4 36. gxf4 Bf3 37. d6 Kg7 38. d7 1-0

[Event "Women's Speed Chess Q4"]
[Site "chess.com INT"]
[Date "2021.06.03"]
[Round "5"]
[White "Petrova, Irina"]
[Black "Narva, Mai"]
[Result "0-1"]
[WhiteTitle "WIM"]
[BlackTitle "WIM"]
[WhiteElo "2110"]
[BlackElo "2276"]
[WhiteFideId "14124122"]
[BlackFideId "4500512"]
[EventDate "2021.06.03"]

1. e4 c5 2. Nf3 d6 3. Bb5+ Nd7 4. O-O a6 5. Bxd7+ Bxd7 6. d4 cxd4 7. Qxd4 Nf6 8.
a4 g6 9. c4 Bg7 10. Nc3 O-O 11. Qd3 Rc8 12. Nd4 Ng4 13. b3 Qb6 14. Nce2 Ne5 15.
Qd2 Nc6 16. Bb2 Nxd4 17. Nxd4 e5 18. Nf3 Qxb3 19. Qxd6 Bg4 20. Qa3 Qxc4 21. Nd2
Qc2 22. Nb3 Rfd8 23. f3 Be6 24. Nc1 Bf8 25. Qe3 Bc5 0-1

[Event "Women's Speed Chess Q4"]
[Site "chess.com INT"]
[Date "2021.06.03"]
[Round "5"]
[White "Belenkaya, Dina"]
[Black "Dauletova, Gulmira"]
[Result "0-1"]
[WhiteTitle "WGM"]
[BlackTitle "WGM"]
[WhiteElo "2304"]
[BlackElo "2285"]
[WhiteFideId "24142654"]
[BlackFideId "13702971"]
[EventDate "2021.06.03"]

1. e4 e5 2. Nf3 Nc6 3. Bb5 a6 4. Ba4 Nf6 5. d3 d6 6. c3 b5 7. Bb3 Be7 8. Nbd2
O-O 9. Nf1 Be6 10. Ne3 d5 11. Ng5 Na5 12. Nxe6 fxe6 13. O-O c5 14. Bc2 dxe4 15.
dxe4 c4 16. Qe2 Nb7 17. b4 a5 18. Ng4 axb4 19. Rd1 Qc7 20. cxb4 Bxb4 21. Rb1 Bc5
22. Ne3 Nd6 23. f3 Rxa2 24. Kh1 Bd4 25. Bd2 c3 26. Bc1 Qc5 0-1

[Event "Women's Speed Chess Q4"]
[Site "chess.com INT"]
[Date "2021.06.03"]
[Round "5"]
[White "Fominykh, Maria"]
[Black "Socko, Monika"]
[Result "0-1"]
[WhiteTitle "WGM"]
[BlackTitle "GM"]
[WhiteElo "2206"]
[BlackElo "2421"]
[WhiteFideId "4142411"]
[BlackFideId "1106619"]
[EventDate "2021.06.03"]

1. d4 Nf6 2. c4 e6 3. g3 c5 4. d5 exd5 5. cxd5 b5 6. Bg2 d6 7. e4 Nbd7 8. Ne2
Be7 9. O-O O-O 10. a4 b4 11. a5 Ba6 12. Re1 Re8 13. b3 Bf8 14. Nd2 Ne5 15. Nf4
g6 16. Nf3 Bg7 17. Nxe5 Rxe5 18. Bb2 Re8 19. e5 dxe5 20. Bxe5 Qd7 21. Rc1 Rad8
22. Rxc5 Rxe5 23. Rxe5 Qd6 24. Rc6 Qxc6 25. Qe1 Qd6 26. Re7 Rd7 27. Re3 h6 28.
h4 Qc5 29. Re5 Ng4 30. Re8+ Kh7 31. h5 Bd4 32. hxg6+ fxg6 33. Nh3 Rf7 34. Be4
Bxf2+ 35. Nxf2 Qxf2+ 36. Qxf2 Nxf2 37. Re6 Nxe4 38. Rxa6 Rd7 0-1

[Event "Women's Speed Chess Q4"]
[Site "chess.com INT"]
[Date "2021.06.03"]
[Round "5"]
[White "Antolak, Julia"]
[Black "Tokhirjonova, Gulrukhbegim"]
[Result "0-1"]
[WhiteTitle "WIM"]
[BlackTitle "WGM"]
[WhiteElo "2306"]
[BlackElo "2350"]
[WhiteFideId "1159569"]
[BlackFideId "14203626"]
[EventDate "2021.06.03"]

1. e4 e5 2. Nf3 Nc6 3. Bb5 a6 4. Ba4 Nf6 5. O-O Nxe4 6. d4 b5 7. Bb3 d5 8. dxe5
Be6 9. Qe2 Be7 10. Rd1 O-O 11. c4 bxc4 12. Bxc4 Bc5 13. Be3 Bxe3 14. Qxe3 Qb8
15. Bb3 Na5 16. Nbd2 Nxd2 17. Nxd2 Qa7 18. Qg3 c5 19. Bc2 Nc6 20. Nf3 h6 21. b3
Rfe8 22. Re1 Nb4 23. Bd1 Rad8 24. a3 Nd3 25. Re3 c4 26. bxc4 dxc4 27. Bc2 Qc5
28. h3 Rd5 29. Rd1 Qxa3 30. Nd2 Qb4 31. Bxd3 cxd3 32. Rxd3 Red8 33. Nf1 a5 34.
Rxd5 Rxd5 35. Rxd5 Bxd5 36. Ne3 Be6 37. Qf3 a4 38. Qa8+ Kh7 39. Kh2 a3 40. Nc2
Qf4+ 41. Kg1 Qc1+ 42. Kh2 Qxc2 43. Qxa3 Qxf2 44. Qd3+ Qf5 45. Qe3 g5 46. Qd4
Qf4+ 47. Qxf4 gxf4 48. Kg1 Kg6 49. Kf2 Kf5 50. Kf3 Kxe5 0-1

[Event "Women's Speed Chess Q4"]
[Site "chess.com INT"]
[Date "2021.06.03"]
[Round "5"]
[White "Golubenko, Valentina"]
[Black "Nguyen, Hong Ngoc"]
[Result "0-1"]
[WhiteTitle "WGM"]
[BlackTitle "WCM"]
[WhiteElo "2209"]
[BlackElo "1957"]
[WhiteFideId "4501993"]
[BlackFideId "12403083"]
[EventDate "2021.06.03"]

1. d4 d5 2. g3 Nf6 3. Bg2 c6 4. c4 g6 5. Nc3 a6 6. a4 Bg7 7. Nf3 dxc4 8. O-O O-O
9. Ne5 Be6 10. e4 Nbd7 11. Nxd7 Qxd7 12. d5 cxd5 13. exd5 Bh3 14. Qf3 Rfd8 15.
d6 Bxg2 16. Kxg2 exd6 17. Rd1 d5 18. Bg5 Qe6 19. Re1 Qc6 20. Rad1 h6 21. Bxf6
Bxf6 22. Nxd5 Rd6 23. Nxf6+ Rxf6 24. Qxc6 Rxc6 25. Re7 b5 26. Rdd7 Rf6 27. axb5
axb5 28. Rb7 Rd8 29. Re2 Rd5 30. f4 Rfd6 31. Ree7 Rf5 32. Re2 h5 33. Kf3 Rd3+
34. Kg2 Rb3 0-1

[Event "Women's Speed Chess Q4"]
[Site "chess.com INT"]
[Date "2021.06.03"]
[Round "5"]
[White "Zakirova, Aisha"]
[Black "Li, Xueyi"]
[Result "1-0"]
[WhiteTitle "WCM"]
[BlackTitle "WGM"]
[WhiteElo "1585"]
[BlackElo "2328"]
[WhiteFideId "13719734"]
[BlackFideId "8605912"]
[EventDate "2021.06.03"]

1. d4 Nf6 2. c4 b6 3. a3 Bb7 4. Nc3 g6 5. Qc2 Bg7 6. e4 d6 7. Bd3 O-O 8. Nge2 c5
9. d5 Nbd7 10. f4 e6 11. O-O exd5 12. exd5 Ng4 13. h3 Nh6 14. Be3 f5 15. Bf2 Qe7
16. Rae1 Rae8 17. Nd4 Qxe1 18. Bxe1 Bxd4+ 19. Kh2 Bg7 20. Nb5 Nf6 21. Nxd6 Re7
22. Nxb7 Rxb7 23. Bc3 Rd7 24. Re1 Rfd8 25. Re6 Nh5 26. Bxg7 Nxg7 27. Re5 Nf7 28.
Re1 Nd6 29. Qd1 Nh5 30. Qf3 Nf6 31. g4 Nfe4 32. Bxe4 Nxe4 33. gxf5 gxf5 34. Rg1+
Kh8 35. Qh5 Rf8 36. Qh6 Rdf7 37. Qe6 Nd2 38. Kh1 Nxc4 39. d6 Nd2 40. d7 Nf3 41.
Qxf7 1-0